Mixed Word: Growing R Words Quiz Stats

 Plays Quiz Updated Oct 12, 2016

Challenge
Share
Tweet
Embed
Score 0/13 Timer 03:00
0 Plays Today
Scramble Word % Correct
ERRE
100%
ARYRAY
99.6%
IRUNRUIN
99%
RMYTHHRHYTHM
92.1%
ERREMBEMREMEMBER
88.9%
PLEERREPEL
86.7%
ORBEBYRROBBERY
72.3%
AIRCOMMENTDEONRECOMMENDATION
71.7%
CIRDSOULIURIDICULOUS
61%
FREERGRITORAREFRIGERATOR
54.2%
SPARBRYERRASPBERRY
51.4%
RUNTIMERDAYRUDIMENTARY
41.6%
IGHOSTESERUSNRIGHTEOUSNESS
20.7%

You're not logged in!

Compare scores with friends on all Sporcle quizzes.
OR
Log In

You Might Also Like...

Show Comments

Extras

Top Quizzes Today


Score Distribution

Your Account Isn't Verified!

In order to create a playlist on Sporcle, you need to verify the email address you used during registration. Go to your Sporcle Settings to finish the process.

Report this User

Report this user for behavior that violates our Community Guidelines.

Details: